000 00450nam a2200121Ia 4500
008 200928s9999 xx 000 0 und d
020 _a978-621-427-018-7
100 _aAriola, Mariano M.
245 _cMariano M. Ariola.--
_aUnderstanding the self :
_b(New general education curriculum compliant)
260 _aManila :
_bUnlimited Books Library Services & Publishing Inc.
_c2018
300 _ax , 207 pages :
_billustrations ;
_c25 cm.
650 _aSelf.
999 _c364529
_d364529